| 000 | 01297cam a2200337 a 4500 | ||
|---|---|---|---|
| 003 | CHAP | ||
| 005 | 20220329142135.0 | ||
| 008 | 991216d1998 mx r 10100 spa d | ||
| 010 | _a79102 | ||
| 011 | _a80074 | ||
| 035 | _a90516 | ||
| 040 | _cCHAP | ||
| 082 | 0 | 4 |
_a634.9063 _bC4 |
| 111 | 0 | 0 |
_aCiclo de Conferencias El Sector Forestal de México, Avances y Perspectivas _d(1998 : _cMéxico, D. F.) _923056 |
| 245 | 1 | 0 |
_aMemoria _c/por Secretaría de Medio Ambiente, Recursos Naturales y Pesca |
| 260 |
_aMéxico, D. F. : _bSecretaría de Medio Ambiente, Recursos Naturales y Pesca, _c1998. |
||
| 300 |
_a395 p. ; _bcuadros ; gráfs. |
||
| 590 |
_aBATCH-UPD _b10 _c20130110 _lUCH01 _h0557 |
||
| 590 |
_aBATCH-UPD _b10 _c20130410 _lUCH01 _h0238 |
||
| 590 |
_aBATCH-UPD _b10 _c20130914 _lUCH01 _h0720 |
||
| 590 |
_aCONVERSION _b10 _c20130109 _lUCH01 _h1344 |
||
| 650 | 1 | 4 |
_aBosques _xCongresos. _914116 |
| 650 | 1 | 4 |
_aBosques _xMéxico. _914341 |
| 650 | 1 | 4 |
_aRecursos forestales _zMéxico. _995075 |
| 901 | _aBK | ||
| 905 | _aLilia Sánchez G. | ||
| 942 | _cLIBRO | ||
| 949 |
_a634.9063 C4 _bBC _cCONG _d33724000747291 _eCONG _fc.2 _h96716 _i90516 _sb |
||
| 949 |
_a634.9063 C4 _bBC _cLIBRO _d33724000747309 _eLIBRO _h96580 _i90516 _si |
||
| 949 |
_a634.9063 C4 _bBC _cLIBRO _d33724000783437 _eLIBRO _fc.3 _h98257 _i90516 _si |
||
| 999 |
_c79102 _d79102 |
||